Top 10 Most Vegan Countries - Statistics

General Stats
  • This quiz has been taken 35 times
  • The average score is 7 of 10
Answer Stats
% Answer % Correct
9.5 India
94%
4 Sweden
89%
4.6 Canada
80%
3.9 Denmark
80%
3.5 United Kingdom
80%
3 Australia
71%
4.1 Ireland
63%
9 Mexico
51%
4.9 Austria
46%
5 Israel
23%
No matching quizzes found
Score Distribution
Percent of People with Each Score
Percentile by Number Answered
Your Score History
You have not taken this quiz